TILES - Statistics

General Stats
  • This quiz has been taken 8,191 times
  • The average score is 31 of 195
Answers on the Grid
Answers color-coded by a green-red scale on the quiz's grid according to % correct below.
XXX
XXX
XXX
XXX
XXX
XXX
XXX
XXX
XXX
XXX
XXX
XXX
XXX
XXX
XXX
XXX
XXX
XXX
XXX
XXX
XXX
XXX
XXX
XXX
XXX
XXX
XXX
XXX
XXX
XXX
XXX
XXX
XXX
XXX
XXX
XXX
XXX
XXX
XXX
XXX
XXX
XXX
XXX
XXX
XXX
XXX
XXX
XXX
XXX
XXX
XXX
XXX
XXX
XXX
XXX
XXX
XXX
XXX
XXX
XXX
XXX
XXX
XXX
XXX
XXX
XXX
XXX
XXX
XXX
XXX
XXX
XXX
XXX
XXX
XXX
XXX
XXX
XXX
XXX
XXX
XXX
XXX
XXX
XXX
XXX
XXX
XXX
XXX
XXX
XXX
XXX
XXX
XXX
XXX
XXX
XXX
XXX
XXX
XXX
XXX
XXX
XXX
XXX
XXX
XXX
XXX
XXX
XXX
XXX
XXX
XXX
XXX
XXX
XXX
XXX
XXX
XXX
XXX
XXX
XXX
XXX
XXX
XXX
XXX
XXX
XXX
XXX
XXX
XXX
XXX
XXX
XXX
XXX
XXX
XXX
XXX
XXX
XXX
XXX
XXX
XXX
XXX
XXX
XXX
XXX
XXX
XXX
XXX
XXX
XXX
XXX
XXX
XXX
XXX
XXX
XXX
XXX
XXX
XXX
XXX
XXX
XXX
XXX
XXX
XXX
XXX
XXX
XXX
XXX
XXX
XXX
XXX
XXX
XXX
XXX
XXX
XXX
XXX
XXX
XXX
XXX
XXX
XXX
XXX
XXX
XXX
XXX
XXX
XXX
XXX
XXX
XXX
XXX
XXX
XXX
XXX
XXX
XXX
XXX
XXX
 
Answer Stats
Answer % Correct
XXX
22%
XXX
21%
XXX
20%
XXX
19%
XXX
19%
XXX
19%
XXX
19%
XXX
19%
XXX
19%
XXX
19%
XXX
19%
XXX
19%
XXX
19%
XXX
19%
XXX
19%
XXX
19%
XXX
19%
XXX
19%
XXX
19%
XXX
18%
XXX
18%
XXX
18%
XXX
18%
XXX
18%
XXX
18%
XXX
18%
XXX
18%
XXX
18%
XXX
18%
XXX
18%
XXX
18%
XXX
18%
XXX
18%
XXX
18%
XXX
18%
XXX
18%
XXX
18%
XXX
18%
XXX
17%
XXX
17%
XXX
17%
XXX
17%
XXX
17%
XXX
17%
XXX
17%
XXX
17%
XXX
17%
XXX
17%
XXX
17%
XXX
17%
XXX
17%
XXX
17%
XXX
17%
XXX
17%
XXX
17%
XXX
17%
XXX
17%
XXX
17%
XXX
17%
XXX
16%
XXX
16%
XXX
16%
XXX
16%
XXX
16%
XXX
16%
XXX
16%
XXX
16%
XXX
16%
XXX
16%
XXX
16%
XXX
16%
XXX
16%
XXX
16%
XXX
16%
XXX
16%
XXX
16%
XXX
16%
XXX
16%
XXX
16%
XXX
16%
XXX
16%
XXX
16%
XXX
16%
XXX
16%
XXX
16%
XXX
16%
XXX
16%
XXX
16%
XXX
16%
XXX
16%
XXX
16%
XXX
16%
XXX
16%
XXX
16%
XXX
16%
XXX
16%
XXX
16%
XXX
16%
XXX
16%
XXX
16%
XXX
16%
XXX
16%
XXX
16%
XXX
16%
XXX
16%
XXX
16%
XXX
15%
XXX
15%
XXX
15%
XXX
15%
XXX
15%
XXX
15%
XXX
15%
XXX
15%
XXX
15%
XXX
15%
XXX
15%
XXX
15%
XXX
15%
XXX
15%
XXX
15%
XXX
15%
XXX
15%
XXX
15%
XXX
15%
XXX
15%
XXX
15%
XXX
15%
XXX
15%
XXX
15%
XXX
15%
XXX
15%
XXX
15%
XXX
15%
XXX
15%
XXX
15%
XXX
15%
XXX
15%
XXX
15%
XXX
14%
XXX
14%
XXX
14%
XXX
14%
XXX
14%
XXX
14%
XXX
14%
XXX
14%
XXX
14%
XXX
14%
XXX
14%
XXX
14%
XXX
14%
XXX
14%
XXX
14%
XXX
14%
XXX
14%
XXX
14%
XXX
14%
XXX
14%
XXX
14%
XXX
14%
XXX
14%
XXX
14%
XXX
14%
XXX
14%
XXX
14%
XXX
14%
XXX
14%
XXX
14%
XXX
14%
XXX
13%
XXX
13%
XXX
13%
XXX
13%
XXX
13%
XXX
13%
XXX
13%
XXX
13%
XXX
13%
XXX
13%
XXX
13%
XXX
13%
XXX
13%
XXX
13%
XXX
13%
XXX
13%
XXX
13%
XXX
13%
XXX
13%
XXX
12%
XXX
12%
XXX
12%
XXX
12%
XXX
11%
XXX
11%
No matching quizzes found
Score Distribution
Percent of People with Each Score
Percentile by Number Answered
Your Score History
You have not taken this quiz